000
00185 a2200097 4500
020
_a
1572576006
041
_a
spa
100
_a
King, Susan
245
_a
Mi abuelito roncaba
942
_c
BK
999
_c
31947
_d
31945